| 000 | 00416nam a22001697a 4500 | ||
|---|---|---|---|
| 005 | 20180801154511.0 | ||
| 008 | 160623b xxu||||| |||| 00| 0 eng d | ||
| 020 | _a978-0-07-462264-3 | ||
| 041 | _aeng | ||
| 082 |
_b9053 _a658.3 |
||
| 100 |
_aMonappa, Arun, and S. Saiyadain, Mirza _92535 |
||
| 245 | _aPersonnel Management | ||
| 260 |
_bTMH _adelhi, |
||
| 300 | _a400p, | ||
| 650 |
_aManagement _9241 |
||
| 942 | _cBK | ||
| 999 |
_c3607 _d3606 |
||